[Event "Ruhrgebiet Verbandsklasse Gruppe 3 1617"]
[Site "Germany"]
[Date "2016.09.04"]
[Round "1.3"]
[White "Guempges, Peter"]
[Black "Delvos, Thorsten"]
[Result "0-1"]
[WhiteElo "2050"]
[BlackElo "1964"]
[PlyCount "54"]
[EventDate "2016.09.04"]
[EventType "team-tourn"]
[EventRounds "9"]
[EventCountry "GER"]
[SourceTitle "EXT 2022"]
[Source "ChessBase"]
[SourceDate "2021.10.06"]
[SourceVersion "1"]
[SourceVersionDate "2021.10.06"]
[SourceQuality "1"]
[WhiteTeam "Borbeck Weisse Dame II"]
[BlackTeam "Mengede SG"]
[WhiteTeamCountry "GER"]
[BlackTeamCountry "GER"]

1. e4 c5 2. Nf3 Nc6 3. d4 cxd4 4. Nxd4 Nf6 5. Nc3 e5 6. Ndb5 d6 7. Bg5 a6 8. Na3 b5 9. Bxf6 gxf6 10. Nd5 Bg7 11. Bd3 Ne7 12. Nxe7 Qxe7 13. 0-0 0-0 14. c4 f5 15. Rb1 Rb8 16. Qe2 fxe4 17. Bxe4 Be6 18. Bd5 Bxd5 19. cxd5 Rbc8 20. Rbc1 Qb7 21. Qd2 f5 22. Rc2 e4 23. Rfc1 Rxc2 24. Nxc2 Bxb2 25. Rb1 Be5 26. Nb4 Kh8 27. Nc6 Qg7 0-1

[Event "Ruhrgebiet Regionalliga 1516"]
[Site "Germany"]
[Date "2015.09.13"]
[Round "1.4"]
[White "Guempges, Peter"]
[Black "Steinmetzer, Thomas"]
[Result "0-1"]
[WhiteElo "2075"]
[BlackElo "2161"]
[PlyCount "74"]
[EventDate "2015.09.13"]
[EventType "team-tourn"]
[EventRounds "9"]
[EventCountry "GER"]
[SourceTitle "EXT 2022"]
[Source "ChessBase"]
[SourceDate "2021.10.06"]
[SourceVersion "1"]
[SourceVersionDate "2021.10.06"]
[SourceQuality "1"]
[WhiteTeam "Borbeck Weisse Dame"]
[BlackTeam "Brackel SF"]
[WhiteTeamCountry "GER"]
[BlackTeamCountry "GER"]

1. e4 e5 2. Nf3 Nc6 3. Bb5 Nge7 4. d4 exd4 5. c3 d5 6. 0-0 dxe4 7. Ng5 Bf5 8. Re1 Qd6 9. cxd4 h6 10. Nxe4 Bxe4 11. Rxe4 0-0-0 12. Bf4 Qg6 13. Nc3 f5 14. Re3 Rxd4 15. Rd3 Rxf4 16. Rd8+ Nxd8 17. Qd7+ Kb8 18. Qxd8+ Nc8 19. Bd7 a6 20. Qxc8+ Ka7 21. Qxc7 Bd6 22. Qa5 Kb8 23. Nd5 Rh4 24. g3 f4 25. Qb6 fxg3 26. hxg3 Rc4 27. Re1 Ka8 28. Qe3 Bc5 29. Nc7+ Ka7 30. Qe5 Bxf2+ 31. Kxf2 Qb6+ 32. Qe3 Rf8+ 33. Kg2 Rxc7 34. Qe7 Rf2+ 35. Kh3 Rd2 36. Qf8 Rcxd7 37. Re8 Rd8 0-1

[Event "Ruhrgebiet Regionalliga 1415"]
[Site "Germany"]
[Date "2014.11.23"]
[Round "3.2"]
[White "Happel, Heiner"]
[Black "Guempges, Peter"]
[Result "1-0"]
[WhiteElo "2175"]
[BlackElo "2099"]
[PlyCount "75"]
[EventDate "2014.09.28"]
[EventType "team-tourn"]
[EventRounds "9"]
[EventCountry "GER"]
[SourceTitle "EXT 2022"]
[Source "ChessBase"]
[SourceDate "2021.10.06"]
[SourceVersion "1"]
[SourceVersionDate "2021.10.06"]
[SourceQuality "1"]
[WhiteTeam "Hamm Koenigsspringer"]
[BlackTeam "Borbeck Weisse Dame"]
[WhiteTeamCountry "GER"]
[BlackTeamCountry "GER"]

1. Nf3 c5 2. c4 Nf6 3. Nc3 e6 4. g3 b6 5. Bg2 Bb7 6. 0-0 Be7 7. d4 cxd4 8. Qxd4 d6 9. Rd1 a6 10. Ng5 Nc6 11. Qf4 0-0 12. Nge4 Ne8 13. b3 b5 14. Nc5 Qc8 15. Nxb7 Qxb7 16. Ne4 Qc7 17. Ba3 b4 18. Bb2 Rc8 19. Rd3 Ne5 20. Bxe5 dxe5 21. Qd2 Nf6 22. Nxf6+ Bxf6 23. Rd1 e4 24. Bxe4 Bc3 25. Qg5 f6 26. Qh5 f5 27. Rd7 Qc5 28. Bb1 Rc7 29. R7d3 g6 30. Qf3 Rcf7 31. Rd6 f4 32. g4 e5 33. R1d5 Qc8 34. Be4 Kg7 35. h3 Bd4 36. Qd3 Rf6 37. Rxf6 Rxf6 38. g5 1-0

[Event "Ruhrgebiet Regionalliga 1314"]
[Site "Ruhrgebiet"]
[Date "2014.03.02"]
[Round "7.2"]
[White "Dahlmann, Dirk"]
[Black "Guempges, Peter"]
[Result "1/2-1/2"]
[WhiteElo "2153"]
[BlackElo "2126"]
[PlyCount "41"]
[EventDate "2013.09.22"]
[EventType "team-tourn"]
[EventRounds "9"]
[EventCountry "GER"]
[SourceTitle "EXT 2024"]
[Source "ChessBase"]
[SourceDate "2023.10.10"]
[SourceVersion "1"]
[SourceVersionDate "2023.10.10"]
[SourceQuality "1"]
[WhiteTeam "Bochum II"]
[BlackTeam "Borbeck Weisse Dame"]
[WhiteTeamCountry "GER"]
[BlackTeamCountry "GER"]

1. c4 c5 2. Nf3 Nf6 3. Nc3 e6 4. e3 b6 5. d4 cxd4 6. exd4 Bb4 7. Bd3 0-0 8. 0-0 Bb7 9. Bg5 Be7 10. Re1 d6 11. Rc1 Nbd7 12. h3 Rc8 13. Bf4 a6 14. b3 Re8 15. a4 d5 16. Ne5 Bb4 17. Re3 Nf8 18. Na2 Ba3 19. Rb1 Bd6 20. Nc3 Ng6 21. Bxg6 1/2-1/2

[Event "Ruhrgebiet Regionalliga 1314"]
[Site "Ruhrgebiet"]
[Date "2014.02.09"]
[Round "6.2"]
[White "Guempges, Peter"]
[Black "Quast, Marcel"]
[Result "1/2-1/2"]
[WhiteElo "2126"]
[BlackElo "2137"]
[PlyCount "61"]
[EventDate "2013.09.22"]
[EventType "team-tourn"]
[EventRounds "9"]
[EventCountry "GER"]
[SourceTitle "EXT 2024"]
[Source "ChessBase"]
[SourceDate "2023.10.10"]
[SourceVersion "1"]
[SourceVersionDate "2023.10.10"]
[SourceQuality "1"]
[WhiteTeam "Borbeck Weisse Dame"]
[BlackTeam "Gerthe Werne"]
[WhiteTeamCountry "GER"]
[BlackTeamCountry "GER"]

1. e4 e5 2. Nf3 d6 3. d4 exd4 4. Qxd4 Nf6 5. Nc3 Be7 6. Bb5+ Bd7 7. Bxd7+ Qxd7 8. Bf4 Nc6 9. Qd2 0-0-0 10. 0-0-0 h6 11. h3 Rhe8 12. Rhe1 Kb8 13. Kb1 Qe6 14. Nd4 Nxd4 15. Qxd4 Nd7 16. Nb5 Nb6 17. e5 d5 18. Nd6 Rg8 19. Qc3 a6 20. Qb3 Bg5 21. Bg3 Ka7 22. f4 cxd6 23. exd6 Qxd6 24. fxg5 Qc5 25. Rf1 Rd7 26. Bf2 Qb5 27. Qg3 hxg5 28. Qxg5 f6 29. Qf5 Rgd8 30. Bd4 Ka8 31. b3 1/2-1/2

[Event "Ruhrgebiet Regionalliga 1314"]
[Site "Ruhrgebiet"]
[Date "2013.09.22"]
[Round "1.2"]
[White "Guempges, Peter"]
[Black "Ozerov, Ilja"]
[Result "0-1"]
[WhiteElo "2126"]
[BlackElo "2091"]
[PlyCount "76"]
[EventDate "2013.09.22"]
[EventType "team-tourn"]
[EventRounds "9"]
[EventCountry "GER"]
[SourceTitle "EXT 2024"]
[Source "ChessBase"]
[SourceDate "2023.10.10"]
[SourceVersion "1"]
[SourceVersionDate "2023.10.10"]
[SourceQuality "1"]
[WhiteTeam "Borbeck Weisse Dame"]
[BlackTeam "Muelheim Nord III"]
[WhiteTeamCountry "GER"]
[BlackTeamCountry "GER"]

1. e4 c5 2. Nf3 Nc6 3. d4 cxd4 4. Nxd4 Nf6 5. Nc3 e5 6. Ndb5 d6 7. Bg5 a6 8. Na3 b5 9. Bxf6 gxf6 10. Nd5 Bg7 11. Bd3 Ne7 12. Nxe7 Qxe7 13. 0-0 0-0 14. c4 f5 15. Re1 Bb7 16. Qh5 fxe4 17. Rxe4 f5 18. Re2 e4 19. cxb5 d5 20. Rd1 Qb4 21. Nc2 Qxb2 22. Ne3 Qf6 23. bxa6 Bc6 24. Bc2 d4 25. Bb3+ Kh8 26. Nc4 Bb5 27. Red2 Qxa6 28. Nb2 d3 29. a4 Be8 30. Qh3 Rb8 31. Bc4 Qa5 32. Nxd3 exd3 33. Rxd3 Qxa4 34. Be6 Bg6 35. Rd6 Qf4 36. Rd7 Qh6 37. Qa3 Rbe8 38. Qd6 Qg5 0-1

[Event "Ruhrgebiet Regionalliga 1213"]
[Site "Nordrheinwestfalen"]
[Date "2013.04.14"]
[Round "8.3"]
[White "Guempges, Peter"]
[Black "Mecklenburg, Roland"]
[Result "1-0"]
[WhiteElo "2113"]
[BlackElo "2010"]
[PlyCount "59"]
[EventDate "2012.09.09"]
[EventType "team-tourn"]
[EventRounds "9"]
[EventCountry "GER"]
[SourceTitle "EXT 2020"]
[Source "ChessBase"]
[SourceDate "2019.10.17"]
[SourceVersion "1"]
[SourceVersionDate "2019.10.17"]
[SourceQuality "1"]
[WhiteTeam "Weisse Dame Borbeck"]
[BlackTeam "Recklinghausen Laeufer Ost"]
[WhiteTeamCountry "GER"]
[BlackTeamCountry "GER"]

1. e4 e5 2. Nf3 d6 3. d4 Qe7 4. Nc3 c6 5. Bg5 f6 6. Be3 Be6 7. d5 Bf7 8. Qd3 Qc7 9. Be2 Ne7 10. Rd1 Nc8 11. 0-0 a6 12. a4 Nd7 13. b4 c5 14. Qc4 b6 15. Nd2 Ne7 16. Bg4 f5 17. Bxf5 Nxf5 18. exf5 Nf6 19. Nde4 Nxe4 20. Nxe4 Be7 21. f4 exf4 22. Bxf4 0-0 23. bxc5 bxc5 24. Bg5 Bh5 25. Rde1 Bf6 26. Bf4 Bd4+ 27. Kh1 Rxf5 28. Ng3 Raf8 29. Nxf5 Rxf5 30. Qxa6 1-0

[Event "Ruhrgebiet Verbandsliga2 1112"]
[Site "Nordrheinwestfalen"]
[Date "2011.10.09"]
[Round "2.5"]
[White "Guempges, Peter"]
[Black "Koth, Stefan"]
[Result "1-0"]
[WhiteElo "2170"]
[BlackElo "2043"]
[PlyCount "97"]
[EventDate "2011.09.18"]
[EventType "team-tourn"]
[EventRounds "9"]
[EventCountry "GER"]
[SourceTitle "EXT 2020"]
[Source "ChessBase"]
[SourceDate "2019.10.17"]
[SourceVersion "1"]
[SourceVersionDate "2019.10.17"]
[SourceQuality "1"]
[WhiteTeam "Weisse Dame Borbeck"]
[BlackTeam "Doppelbauer Brambauer"]
[WhiteTeamCountry "GER"]
[BlackTeamCountry "GER"]

1. e4 c5 2. Nf3 e6 3. d4 cxd4 4. Nxd4 Nc6 5. Nc3 Nf6 6. Ndb5 d6 7. Bf4 e5 8. Bg5 a6 9. Na3 b5 10. Bxf6 gxf6 11. Nd5 f5 12. Bd3 f4 13. g3 Bg7 14. Qh5 Ne7 15. 0-0 0-0 16. Nxe7+ Qxe7 17. c3 Qf6 18. Nc2 Bh6 19. Nb4 Bb7 20. Nd5 Bxd5 21. exd5 Qg5 22. Qxg5+ Bxg5 23. a4 bxa4 24. Rxa4 f5 25. f3 h5 26. Kg2 Rfb8 27. b4 Rc8 28. Ra3 fxg3 29. Bxf5 Rc7 30. hxg3 h4 31. gxh4 Bxh4 32. Kh3 Bg5 33. Bd3 Kg7 34. Kg2 Kf6 35. Rh1 Be3 36. Rh4 e4 37. Rxe4 Rg8+ 38. Kf1 Bg1 39. Re6+ Kf7 40. Rh6 Rg7 41. Rxd6 a5 42. Rc6 Re7 43. d6 axb4 44. cxb4 Rd7 45. Bf5 Rb7 46. d7 Ke7 47. Rd3 Rb8 48. Re6+ Kd8 49. Re8+ 1-0

[Event "Ruhrgebiet Verbandsliga2 1112"]
[Site "Nordrheinwestfalen"]
[Date "2011.09.18"]
[Round "1.5"]
[White "Guempges, Peter"]
[Black "Galle, Wolfgang"]
[Result "0-1"]
[WhiteElo "2170"]
[BlackElo "1875"]
[PlyCount "58"]
[EventDate "2011.09.18"]
[EventType "team-tourn"]
[EventRounds "9"]
[EventCountry "GER"]
[SourceTitle "EXT 2020"]
[Source "ChessBase"]
[SourceDate "2019.10.17"]
[SourceVersion "1"]
[SourceVersionDate "2019.10.17"]
[SourceQuality "1"]
[WhiteTeam "Weisse Dame Borbeck"]
[BlackTeam "Muelheim SC"]
[WhiteTeamCountry "GER"]
[BlackTeamCountry "GER"]

1. e4 e5 2. Nf3 d6 3. d4 Qe7 4. Nc3 c6 5. Be3 Bg4 6. h3 Bh5 7. g4 Bg6 8. dxe5 dxe5 9. Bc4 Nf6 10. Qd3 Qc7 11. 0-0-0 Nbd7 12. g5 Nh5 13. Qxd7+ Qxd7 14. Rxd7 Kxd7 15. Rd1+ Kc7 16. Nxe5 Bd6 17. Nxf7 Bxf7 18. Bxf7 g6 19. Be6 Rhd8 20. Bd4 Bf4+ 21. Kb1 Rd6 22. Bg4 Rad8 23. Bxh5 Rxd4 24. Rxd4 Rxd4 25. Be2 Bxg5 26. Bd3 Rd8 27. Ne2 Rf8 28. Nd4 Kd6 29. f3 Be3 0-1

[Event "Ruhrgebiet Regionalliga 0910"]
[Site "Germany"]
[Date "2010.02.07"]
[Round "6.5"]
[White "Schaller, Torsten"]
[Black "Guempges, Peter"]
[Result "0-1"]
[WhiteElo "1980"]
[BlackElo "2163"]
[PlyCount "144"]
[EventDate "2009.09.06"]
[EventType "team-tourn"]
[EventRounds "9"]
[EventCountry "GER"]
[SourceTitle "EXT 2011"]
[Source "ChessBase"]
[SourceDate "2010.11.26"]
[SourceVersion "1"]
[SourceVersionDate "2010.11.26"]
[SourceQuality "1"]
[WhiteTeam "Welper SV"]
[BlackTeam "Borbeck Weisse Dame"]
[WhiteTeamCountry "GER"]
[BlackTeamCountry "GER"]

1. d4 c5 2. d5 e5 3. e4 d6 4. Nc3 a6 5. a4 Nf6 6. g3 Be7 7. Bg2 Nbd7 8. Nf3 Nf8 9. h3 Ng6 10. 0-0 b6 11. Be3 0-0 12. Ne1 Rb8 13. Nd3 Bd7 14. f4 exf4 15. gxf4 Nh4 16. e5 dxe5 17. fxe5 Nxg2 18. Kxg2 Nxd5 19. Nxd5 Bxh3+ 20. Kxh3 Qxd5 21. Qf3 Qc4 22. Rf2 f5 23. Rg1 Rbd8 24. Qg3 g6 25. Nf4 g5 26. b3 Qf7 27. Nd3 h6 28. Kg2 Kh7 29. Bc1 c4 30. bxc4 Qxc4 31. Rh1 Rd4 32. Kf1 Qd5 33. Rfh2 Rh4 34. Rxh4 gxh4 35. Qg2 Qe4 36. Rg1 Qg4 37. Qe2 Qe4 38. Ke1 Rc8 39. Kd1 Rd8 40. Ke1 Rd4 41. Qxe4 Rxe4+ 42. Kf2 Rxa4 43. Kf3 Rc4 44. Rg2 a5 45. Bb2 Bg5 46. Re2 Kg8 47. e6 Kf8 48. Ne5 Rf4+ 49. Kg2 Re4 50. Rxe4 fxe4 51. Nd7+ Ke7 52. Nxb6 Bd2 53. Nc4 e3 54. Kf3 h3 55. Be5 Kxe6 56. Bh2 a4 57. Na3 Kd5 58. Ke2 Bc1 59. Nb1 Kd4 60. Bg1 h5 61. Bh2 a3 62. Nxa3 Bxa3 63. Bg1 Ke4 64. Bh2 Be7 65. c4 Bg5 66. c5 Bf4 67. Bxf4 Kxf4 68. c6 h2 69. c7 h1Q 70. c8Q Qg2+ 71. Kd3 Qd2+ 72. Kc4 Qc1+ 0-1

[Event "Ruhrgebiet Regionalliga 0910"]
[Site "Germany"]
[Date "2009.09.06"]
[Round "1.6"]
[White "Guempges, Peter"]
[Black "Wewers, Reinhard"]
[Result "1-0"]
[WhiteElo "2163"]
[BlackElo "2152"]
[PlyCount "67"]
[EventDate "2009.09.06"]
[EventType "team-tourn"]
[EventRounds "9"]
[EventCountry "GER"]
[SourceTitle "EXT 2011"]
[Source "ChessBase"]
[SourceDate "2010.11.26"]
[SourceVersion "1"]
[SourceVersionDate "2010.11.26"]
[SourceQuality "1"]
[WhiteTeam "Borbeck Weisse Dame"]
[BlackTeam "Essen Ueberruhr"]
[WhiteTeamCountry "GER"]
[BlackTeamCountry "GER"]

1. e4 c5 2. Nc3 e6 3. Nf3 a6 4. d4 cxd4 5. Nxd4 b5 6. Be2 Bb7 7. Bf3 b4 8. Na4 Qa5 9. c3 Nf6 10. 0-0 Bxe4 11. cxb4 Bxb4 12. a3 Be7 13. b4 Qd8 14. Bg5 d5 15. Rc1 0-0 16. Bxe4 dxe4 17. Re1 Ra7 18. Rc4 Rd7 19. Qa1 h6 20. Bh4 Rc7 21. Rxc7 Qxc7 22. Rc1 Qb7 23. Bg3 Nfd7 24. Rc7 Qd5 25. Nb6 Nxb6 26. Rxe7 N8d7 27. Nxe6 Nf6 28. Nxf8 Kxf8 29. Re5 Qd3 30. Rc5 Nbd5 31. Rc8+ Ke7 32. Qe5+ Kd7 33. Rc1 Qxa3 34. Qd6+ 1-0

[Event "Ruhrgebiet Regionalliga 0708"]
[Site "Germany"]
[Date "2008.03.16"]
[Round "7.5"]
[White "Wieder, Heiner"]
[Black "Guempges, Peter"]
[Result "0-1"]
[WhiteElo "2158"]
[BlackElo "2169"]
[PlyCount "64"]
[EventDate "2007.09.16"]
[EventType "team"]
[EventRounds "9"]
[EventCountry "GER"]
[SourceTitle "EXT 2009"]
[Source "ChessBase"]
[SourceDate "2008.11.26"]
[SourceVersion "1"]
[SourceVersionDate "2008.11.26"]
[SourceQuality "1"]
[WhiteTeam "Oberhausen"]
[BlackTeam "Essen Borbeck"]
[WhiteTeamCountry "GER"]
[BlackTeamCountry "GER"]

1. e4 c5 2. Nf3 e6 3. d4 cxd4 4. Nxd4 a6 5. Be3 Nf6 6. Bd3 Qc7 7. Nd2 d6 8. f4 Nbd7 9. Qf3 Be7 10. a4 b6 11. Ra3 Bb7 12. Rc3 Nc5 13. N4b3 Rc8 14. Qe2 Nfd7 15. Nxc5 Nxc5 16. Bxc5 bxc5 17. Bxa6 Bxa6 18. Qxa6 0-0 19. b3 d5 20. Qe2 Qxf4 21. e5 Bg5 22. Rf3 Qh4+ 23. Kd1 c4 24. g3 Qd4 25. c3 Qa7 26. bxc4 dxc4 27. Ke1 Qxa4 28. Kf2 Qa7+ 29. Kg2 Qa2 30. Rf2 Bxd2 31. Qxd2 Qa8+ 32. Kh3 Qxh1 0-1

[Event "Ruhrgebiet Regionalliga 0708"]
[Site "Germany"]
[Date "2008.01.27"]
[Round "5.6"]
[White "Guempges, Peter"]
[Black "Winzbeck, Frank"]
[Result "1-0"]
[WhiteElo "2169"]
[BlackElo "1984"]
[PlyCount "53"]
[EventDate "2007.09.16"]
[EventType "team"]
[EventRounds "9"]
[EventCountry "GER"]
[SourceTitle "EXT 2009"]
[Source "ChessBase"]
[SourceDate "2008.11.26"]
[SourceVersion "1"]
[SourceVersionDate "2008.11.26"]
[SourceQuality "1"]
[WhiteTeam "Essen Borbeck"]
[BlackTeam "Gladbeck SG"]
[WhiteTeamCountry "GER"]
[BlackTeamCountry "GER"]

1. e4 c5 2. Nf3 d6 3. d4 cxd4 4. Nxd4 Nf6 5. Nc3 a6 6. Bg5 e6 7. f4 Be7 8. Qf3 Qc7 9. 0-0-0 b5 10. Bxf6 gxf6 11. a3 Nc6 12. Qh5 Nxd4 13. Rxd4 Qc5 14. Qd1 Bb7 15. Be2 Rc8 16. Kb1 0-0 17. Rf1 Kh8 18. g4 Bc6 19. Rf3 a5 20. Rh3 b4 21. axb4 axb4 22. Na2 Rb8 23. Rc4 Qb6 24. Qe1 Rg8 25. Rxb4 Qa7 26. g5 Rxb4 27. Rxh7+ 1-0

[Event "NRW Class1 0405"]
[Site "Germany"]
[Date "2005.04.03"]
[Round "8.3"]
[White "Eismont, Igor"]
[Black "Guempges, Peter"]
[Result "1-0"]
[WhiteElo "2290"]
[BlackElo "2106"]
[PlyCount "61"]
[EventDate "2004.10.10"]
[EventType "team"]
[EventRounds "9"]
[EventCountry "GER"]
[SourceTitle "EXT 2006"]
[Source "ChessBase"]
[SourceDate "2005.11.24"]
[SourceVersion "1"]
[SourceVersionDate "2005.11.24"]
[SourceQuality "1"]
[WhiteTeam "Brackel"]
[BlackTeam "Essen Borbeck"]
[WhiteTeamCountry "GER"]
[BlackTeamCountry "GER"]

1. d4 c5 2. d5 d6 3. c4 Nf6 4. Nc3 g6 5. e4 Bg7 6. Bd3 0-0 7. Nge2 e6 8. 0-0 exd5 9. cxd5 Re8 10. Ng3 a6 11. Bg5 h6 12. Bf4 b5 13. a3 Qb6 14. h3 Nbd7 15. Kh1 c4 16. Bc2 Nc5 17. Qd2 Kh7 18. Be3 Qc7 19. f4 h5 20. e5 dxe5 21. f5 Bb7 22. fxg6+ fxg6 23. Bxc5 Qxc5 24. Qg5 e4 25. Ngxe4 Nxe4 26. Bxe4 Rxe4 27. Nxe4 Qxd5 28. Qxd5 Bxd5 29. Nf6+ Bxf6 30. Rxf6 Re8 31. Rd1 1-0

[Event "Oberliga NRW 0304"]
[Site "Germany"]
[Date "2004.04.25"]
[Round "9.4"]
[White "Van der Linden, Bert"]
[Black "Guempges, Peter"]
[Result "1-0"]
[WhiteElo "2277"]
[BlackElo "2076"]
[PlyCount "71"]
[EventDate "2003.09.28"]
[EventType "team-tourn"]
[EventRounds "9"]
[EventCountry "GER"]
[SourceTitle "CBM 098 Extra"]
[Source "ChessBase"]
[SourceDate "2004.03.10"]
[SourceVersion "2"]
[SourceVersionDate "2004.03.10"]
[SourceQuality "1"]
[WhiteTeam "Castrop Rauxel"]
[BlackTeam "Essen Borbeck"]
[WhiteTeamCountry "GER"]
[BlackTeamCountry "GER"]

1. e4 c5 2. Nf3 e6 3. d4 cxd4 4. Nxd4 a6 5. c4 Nf6 6. Bd3 Qc7 7. 0-0 d6 8. Nc3 Nbd7 9. Nf3 g6 10. Bf4 Bg7 11. Rc1 Ng4 12. b3 b6 13. Qd2 Nge5 14. Nxe5 dxe5 15. Bg5 Bb7 16. Be2 Nc5 17. Qc2 h6 18. Be3 Qc6 19. b4 Nd7 20. Rfd1 Rc8 21. Qa4 Qxa4 22. Nxa4 Bxe4 23. Nxb6 Rc7 24. c5 Nb8 25. a4 f5 26. f3 Bb7 27. b5 f4 28. Bf2 e4 29. fxe4 Bxe4 30. Rc4 Bb7 31. c6 Bc8 32. Na8 Rf7 33. b6 0-0 34. Bf3 Nxc6 35. Bxc6 Bb7 36. Bxb7 1-0

[Event "Oberliga NRW 0304"]
[Site "Germany"]
[Date "2003.11.09"]
[Round "3.4"]
[White "Huhndorf, Arnold"]
[Black "Guempges, Peter"]
[Result "1-0"]
[WhiteElo "2233"]
[BlackElo "2076"]
[PlyCount "47"]
[EventDate "2003.09.28"]
[EventType "team-tourn"]
[EventRounds "9"]
[EventCountry "GER"]
[SourceTitle "CBM 098 Extra"]
[Source "ChessBase"]
[SourceDate "2004.03.10"]
[SourceVersion "2"]
[SourceVersionDate "2004.03.10"]
[SourceQuality "1"]
[WhiteTeam "Lohmar"]
[BlackTeam "Essen Borbeck"]
[WhiteTeamCountry "GER"]
[BlackTeamCountry "GER"]

1. d4 c5 2. d5 d6 3. c4 Nf6 4. Nc3 g6 5. e4 Bg7 6. Bf4 0-0 7. Be2 b5 8. cxb5 a6 9. a4 Qa5 10. Bd2 axb5 11. Nxb5 Qd8 12. Qc2 e6 13. dxe6 fxe6 14. Nf3 d5 15. exd5 exd5 16. Qxc5 Ne4 17. Qc1 Na6 18. 0-0 Nac5 19. Bb4 Rxf3 20. Bxf3 Nb3 21. Qd1 Nxa1 22. Bxe4 Bb7 23. Bf3 Bxb2 24. Bc3 1-0

[Event "Oberliga NRW 0304"]
[Site "Germany"]
[Date "2003.10.12"]
[Round "2.3"]
[White "Wengenroth, Walter"]
[Black "Guempges, Peter"]
[Result "0-1"]
[WhiteElo "2313"]
[BlackElo "2076"]
[PlyCount "86"]
[EventDate "2003.09.28"]
[EventType "team-tourn"]
[EventRounds "9"]
[EventCountry "GER"]
[SourceTitle "CBM 098 Extra"]
[Source "ChessBase"]
[SourceDate "2004.03.10"]
[SourceVersion "2"]
[SourceVersionDate "2004.03.10"]
[SourceQuality "1"]
[WhiteTeam "Duisburg"]
[BlackTeam "Essen Borbeck"]
[WhiteTeamCountry "GER"]
[BlackTeamCountry "GER"]

1. d4 c5 2. d5 d6 3. e4 Nf6 4. Nc3 g6 5. Bb5+ Nfd7 6. a4 Bg7 7. Nf3 0-0 8. 0-0 Na6 9. Be3 Rb8 10. Nd2 Nc7 11. Be2 f5 12. exf5 gxf5 13. Bg5 Ne5 14. Nf3 a6 15. a5 b5 16. axb6 Rxb6 17. Ra2 h6 18. Bc1 Ng4 19. Bc4 Bb7 20. Re1 Rb4 21. Qe2 Bxc3 22. bxc3 Rxc4 23. Qxc4 Bxd5 24. Qa4 Bxa2 25. Qxa2+ Kh7 26. c4 Rg8 27. Qb3 e5 28. h3 Nf6 29. Qb7 Rg7 30. Rd1 Ne4 31. Qc6 Qf6 32. Be3 Qg6 33. Ne1 Qh5 34. f3 Ne6 35. Rb1 Nc3 36. Rb8 Ne2+ 37. Kf2 N2d4 38. Bxd4 Qh4+ 39. Kf1 Qxd4 40. Qc8 Qxc4+ 41. Kg1 Nf4 42. Qh8+ Kg6 43. Qe8+ Qf7 0-1

[Event "Ruhrgebiet VL2 0001"]
[Site "Ruhrgebiet"]
[Date "2000.11.19"]
[Round "3"]
[White "Guempges, Peter"]
[Black "Firt, Lazar"]
[Result "1-0"]
[WhiteElo "2003"]
[BlackElo "1913"]
[PlyCount "61"]
[EventDate "2000.09.17"]
[EventType "team-tourn"]
[EventRounds "9"]
[EventCountry "GER"]
[SourceTitle "EXT 2023"]
[Source "ChessBase"]
[SourceDate "2022.10.05"]
[SourceVersion "1"]
[SourceVersionDate "2022.10.05"]
[SourceQuality "1"]
[WhiteTeam "Weisse Dame Borbeck II"]
[BlackTeam "Dortmund Hansa III"]
[WhiteTeamCountry "GER"]
[BlackTeamCountry "GER"]

1. e4 c5 2. b4 d6 3. bxc5 dxc5 4. Nf3 Bg4 5. c3 Nf6 6. Bc4 e6 7. e5 Nd5 8. Qa4+ Nc6 9. Bxd5 Qxd5 10. Qxg4 Nxe5 11. Nxe5 Qxe5+ 12. Qe2 Qd5 13. Qb5+ Kd8 14. 0-0 Bd6 15. d4 Re8 16. Be3 a6 17. Qe2 c4 18. Nd2 Bc7 19. Qf3 Qxf3 20. Nxf3 f6 21. d5 Re7 22. dxe6 Rc8 23. Nd4 g6 24. a4 Be5 25. Rfe1 Re8 26. Kf1 g5 27. Rab1 Rc7 28. g3 h6 29. f4 Bd6 30. Nf5 Rxe6 31. Bb6 1-0